ロード中...
| LEADER | 00819nam a22001937a 4500 | ||
|---|---|---|---|
| 003 | OSt | ||
| 008 | 090508t xxu||||| |||| 00| 0 eng d | ||
| 020 | |a 8187162244 | ||
| 080 | |a 343 |b PIL'00 | ||
| 100 | |a Pillai, P S A |9 2952 | ||
| 245 | |a Criminal law |c edited by V Suresh |c D Nagasaila | ||
| 250 | |a 9th ed. | ||
| 260 | |a New Delhi |b Butterworths |c 2000 | ||
| 300 | |a 990p. | ||
| 942 | |c LLBB |6 _ | ||
| 999 | |c 187265 |d 187265 | ||
| 952 | |0 0 |1 0 |4 0 |6 343_PIL002 |7 0 |9 241331 |a SLS |b SLS |d 2009-05-08 |l 6 |o 343 PIL'00;2 |p SLS021715 |r 2015-05-26 |s 2015-04-07 |t 3 |w 2009-05-08 |y LLBB | ||
| 952 | |0 0 |1 0 |4 0 |6 343_PIL001 |7 0 |9 241332 |a SLS |b SLS |d 2009-05-08 |l 6 |o 343 PIL'00;1 |p SLS021718 |r 2020-02-03 |s 2019-12-20 |t 2 |w 2009-05-08 |y LLBB | ||
| 952 | |0 0 |1 0 |4 0 |6 343_PIL00 |7 0 |9 241333 |a SLS |b SLS |d 2009-05-08 |l 9 |o 343 PIL'00 |p SLS021716 |r 2019-10-03 |s 2019-09-03 |t 1 |w 2009-05-08 |y LLBB | ||